|
|
|
|
| LEADER |
00729nam a22001812a 4500 |
| 001 |
000327584 |
| 003 |
CZ BrMZK |
| 005 |
20051101150633.0 |
| 008 |
980107s1966 xr f cze d |
| 040 |
|
|
|a BOA001
|b cze
|
| 100 |
1 |
|
|a Riedl, Mirko,
|d 1920-2013
|7 jk01102416
|4 com
|
| 245 |
1 |
0 |
|a Krásy přírody v ilustraci :
|b přírodovědné ilustrace 15.-18. století z vyšebrodské knihovny /
|c sestavil Mirko Riedl
|
| 260 |
|
|
|a České Budějovice :
|b Krajská knihovna,
|c 1966
|
| 300 |
|
|
|a 1 nestránkovaný sv.
|
| 910 |
|
|
|a BOA001
|b PK-0045.262
|
| 964 |
|
|
|a Přírodopis - publikace ilustrované - bibliografie - stol. 15.-18.
|
| 990 |
|
|
|a BK
|
| 996 |
7 |
|
|b 3119929819
|c PK-0045.262
|l MZK
|r Sklad / do 1 hodiny
|n 5
|w 000327584
|u 000010
|a 1
|e BOA001
|j MZK50
|s A
|